|
|
|
|
| LEADER |
00835nam a2200277 4500 |
| 001 |
DLU090079363 |
| 005 |
##20090608 |
| 040 |
# |
# |
|a DLU
|b eng
|
| 041 |
# |
# |
|a eng
|
| 044 |
# |
# |
|a UK
|
| 100 |
# |
# |
|a Chan, C. Y.
|
| 245 |
# |
# |
|a Impulsive quenching and blow-up of solutions /
|c C. Y. Chan.
|
| 653 |
# |
# |
|a Critical length
|
| 653 |
# |
# |
|a Hyperbolic quenching
|
| 653 |
# |
# |
|a Impulsive parabolic blow-up
|
| 653 |
# |
# |
|a Impulsive parabolic quenching
|
| 773 |
# |
# |
|t Nonlinear Analysis, Theory, Methods & Applications
|g Vol. 30, part 2 (December 1997), p. 887-894
|
| 920 |
# |
# |
|a Phòng Tạp chí -- Trung tâm Thông tin - Thư viện Trường Đại học Đà Lạt
|
| 994 |
# |
# |
|a DLU
|
| 900 |
# |
# |
|a True
|
| 911 |
# |
# |
|a Trương Bảo Trâm Anh
|
| 925 |
# |
# |
|a G
|
| 926 |
# |
# |
|a A
|
| 927 |
# |
# |
|a BB
|
| 980 |
# |
# |
|a Thư viện Trường Đại học Đà Lạt
|